Νέοι θεσμοί στις εργασιακές σχέσεις : συμμετοχή και αυτοδιαχείριση
Αποθηκεύτηκε σε:
| Κύριος συγγραφέας: | |
|---|---|
| Μορφή: | Βιβλίο |
| Γλώσσα: | Greek |
| Δημοσίευση: |
Αθήνα :
Παπαζήσης,
1987
|
| Θέματα: | |
| Ετικέτες: |
Προσθήκη ετικέτας
Δεν υπάρχουν, Καταχωρήστε ετικέτα πρώτοι!
|
MARC
| LEADER | 00000nam a2200000 i 4500 | ||
|---|---|---|---|
| 001 | 1/65587 | ||
| 008 | 960612s1987 gre d | ||
| 035 | |l 10029664 | ||
| 040 | |a GR-MY-UA |b gre |e aacr | ||
| 041 | 0 | |a gre | |
| 082 | 0 | |a 306.36 | |
| 100 | 1 | |a Νικολάου-Σμοκοβίτη, Λίτσα. | |
| 245 | 1 | 0 | |a Νέοι θεσμοί στις εργασιακές σχέσεις : |b συμμετοχή και αυτοδιαχείριση / |c Λίτσα Νικολάου - Σμοκοβίτη |
| 260 | |a Αθήνα : |b Παπαζήσης, |c 1987 | ||
| 300 | |a 306 σ. | ||
| 500 | |a Περιέχει βιβλιογραφία | ||
| 650 | 0 | 0 | |a Social sciences. |
| 650 | 0 | 0 | |a Labor relations |z Greece. |
| 700 | 1 | |a Νικολάου-Σμοκοβίτη, Λίτσα. | |
| 852 | |a INST |b CHIOS |e 19960612 |h 306.36 ΝΙΚ |p 005200007967 |q 005200007967 |t BK |y 0 | ||
| 852 | |a INST |b CHIOS |e 19960612 |h 306.36 ΝΙΚ |p 005200007983 |q 005200007983 |t BK |y 0 | ||
| 852 | |a INST |b CHIOS |e 19980821 |h 306.36 ΝΙΚ |p 005200015851 |q 005200015851 |t BK |y 0 | ||
| 909 | |a Χ |b 016498 | ||
| 909 | |a Χ |b 013421 | ||
| 909 | |a Χ |b 058734 | ||
| 922 | |a 2ΕΛΗ |b 199807 |c ΜΑΡΟΥΔΑΣ |d EMVASIS | ||